000
00313nam a2200097Ia 4500
008
171204s9999 xx 000 0 und d
245
_a
Democratic Justice And The Social Contract:
260
_c
2013
650
_x
BUSINESS LAW: OBLIGATIONS & CONTRACTS
856
_u
http://down.ebook777.com/026/DemJusAndTheSocCon.pdf
999
_c
345664
_d
345664